000 01793cam a22004334i 4500
003 PE-LiUPU
005 20250731173247.0
008 150625s1993 xxua r 000 0 spa d
035 _a(Sirsi) a35463
040 _aPE-LiUPU
_bspa
_cPE-LiUPU
_erda
049 _aPRUA
082 0 4 _a234.107
_bS31
_221
100 1 _aSchwab, Richard C.,
_eautor.
245 1 0 _aDeje que la Biblia hable sobre las lenguas /
_cRichard C. Schwab.
264 1 _aUSA :
_bEditorial. Portavoz,
_c1993.
300 _a142 páginas :
_bilustraciones ;
_c20 centímetros
336 _atext
_2rdacontent
337 _aunmediated
_2rdamedia
338 _avolume
_2rdacarrier
505 0 _aPrefacio de Earl D. Radmacher - Introducción -- Bosquejo Histórico -- Las Lenguas pentecostales -- Hablando en lenguas en Cesárea y en Éfeso -- Un vistazo a la iglesia de Corinto -- Cuidado con el cristianismo -- Fuente y diversidad carismáticas -- Las lenguas: ¿Don temporal? -- El mayor don -- Propósito y orden -- La escena Contemporánea - Conclusión - Apéndices -- Mapa y Gráficos.
526 _aSEG42
526 _aSEG41
526 _aSEG40
526 _aSEG39
526 _aP94
526 _aP87
526 _aP86
526 _aP85
526 _aP77
526 _aP76
526 _aP35
650 0 4 _aGlosolalia.
942 _2ddc
_cBOOK
949 _a234.107 S31
_wDEWEY
_c1
_i38498
_lCCODEBUL1
_mBUL
_p00.00
_r0
_sY
_tBOOK
_u2015-06-25
_xBIBLIOTECA
_zUNKNOWN
_0COMPRA
_o.STAFF. Colección General
994 _aC0
_bPEPRU
596 _a1
999 _a234.107 S31
_wDEWEY
_c43430
_i38498
_d43430
_e2017-5-29
_f2021-11-10
_g5
_lCCODEBUL1
_mBUL
_n1
_p15.00
_r0
_sY
_tBOOK
_u2015-6-25
_xTEOLOGIA
_PP35
_0COMPRA
_o.STAFF. Colección Teología
980 _81
_gALBERTO SANCHEZ Responsable de Automatización